000 00537nam a2200181 i 4500
001 23501
003 ES-MaACL
005 20230906152901.0
007 t|
008 021210s1876 sp ||||1| spa d
080 _a914.601.11 Santiago "18"
100 1 _aAlvarez de la Braña, Ramón.
_920759
245 1 0 _aGuía del viajero en Santiago /
_cRamón Alvarez de la Braña.
260 _aLeón :
_bMiñón,
_c1876.
300 _a55 p. ;
_c15 cm.
651 4 _aSantiago de Compostela-
_xDescripción.
_99366
852 _aES-MaACL
_jT-212-F-8
999 _c23501
_d23501